| 000 | 00553nam a2200145Ia 4500 | ||
|---|---|---|---|
| 008 | 140724s9999 xx 000 0 und d | ||
| 050 |
_aRT 84.5 _b.B463 2009 |
||
| 100 | _aBenedicto, Diana Bianca. | ||
| 245 |
_aAssessment of the cognitive and Psychologyomotor skills of the BSN IV Nursing students of SISC in handling newborn cases / _cDiana Bianca Benedicto. |
||
| 260 |
_aLas PiƱas, Philippines : _bSouthville International School and Colleges, _cc2009. |
||
| 300 |
_a79 p. : _bill. ; _c28 cm. |
||
| 521 | _aNursing | ||
| 942 | _cTH | ||
| 999 |
_c228954 _d228954 |
||